000 00402nam a2200145Ia 4500
008 090122s9999 xx 000 0 und d
082 _b3541
_a613
100 _aजावडेकर
_bसदाशिव
_cडॉ
245 _aदातबोध
600 _aजावडेकर
630 _aदातबोध
700 _aजावडेकर
730 _aदातबोध
942 _cBOOK
999 _c27619
_d27619